In-out (Record no. 84970)

MARC details
000 -LEADER
fixed length control field 00776cad a22002175a 4500
001 - CONTROL NUMBER
control field L159765
008 - FIXED-LENGTH DATA ELEMENTS--GENERAL INFORMATION
fixed length control field 150226s2016 xxk f 000 0 eng d
035 ## - SYSTEM CONTROL NUMBER
System control number (Sirsi) u159765
041 0# - LANGUAGE CODE
Language code of text/sound track or separate title eng
100 1# - MAIN ENTRY--PERSONAL NAME
Personal name McMeeken, Roxane
245 00 - TITLE STATEMENT
Title In-out
260 ## - PUBLICATION, DISTRIBUTION, ETC.
Date of publication, distribution, etc. 2016
490 ## - SERIES STATEMENT
Series statement Modus
Volume/sequential designation May 2016, 14-18 (5)
520 ## - SUMMARY, ETC.
Summary, etc. In - Britain's future is built on EU membership. Out - Britain can build a better future outside the EU. Four experts express their views on how Brexit could effect the construction industry. The potential issues are uncertainty, imports and exports, inward investment, regulations, foreign skills, and UK and EU stability.
590 ## - LOCAL NOTE (RLIN)
Local note KA
650 24 - SUBJECT ADDED ENTRY--TOPICAL TERM
Topical term or geographic name entry element BREXIT
650 24 - SUBJECT ADDED ENTRY--TOPICAL TERM
Topical term or geographic name entry element EU
651 #4 - SUBJECT ADDED ENTRY--GEOGRAPHIC NAME
Geographic name Europe
690 ## - LOCAL SUBJECT ADDED ENTRY--TOPICAL TERM (OCLC, RLIN)
Topical term or geographic name as entry element BUILT ENVIRONMENT
942 ## - ADDED ENTRY ELEMENTS (KOHA)
Suppress in OPAC 0
Holdings
Withdrawn status Lost status Source of classification or shelving scheme Damaged status Not for loan Home library Current library Shelving location Date acquired Total Checkouts Full call number Date last seen Copy number Price effective from Koha item type
    Dewey Decimal Classification     London London Journal article 19/12/2017   L159765 06/08/2019 1 06/08/2019 Journal article